000
00313nam a22001457a 4500
008
210426b ||||| |||| 00| 0 eng d
020
_a
9781853393860
041
_a
eng
080
_8
_a
94
082
_a
94
100
_a
16S
101
_a
SHH
245
_a
Whose Reality Counts?
_c
Chambers,R
942
_2
udc
_c
BK
999
_c
56730
_d
56730